000 00574nam a2200193 i 4500
001 105965
003 ES-MaACL
005 20230906184024.0
007 t|
008 060915s1961 pe ||||1| spa d
080 _a316.34
100 1 _aMiró Quesada C., Francisco.
_981622
245 1 4 _aLas estructuras sociales
_b: (ensayo de divulgación) /
_cpor Francisco Miró Quesada C.
260 _aLima :
_b[s.n.,
_c1961]
300 _a184 p. ;
_c18 cm.
500 _aBiblioteca Juan Andrade.
650 1 4 _aClases sociales.
_911111
852 _aES-MaACL
_jAND-902
_bR.110190
999 _c105965
_d105965